| 000 | 00375nam a22001577a 4500 | ||
|---|---|---|---|
| 020 | _a340-70910-3 | ||
| 082 |
_a823 _bDAN/4 |
||
| 100 | _aDANIELS, LUCY | ||
| 245 |
_aHAMSTER IN A HAMPER _bSHORT STORY |
||
| 246 |
_aHAMSTER IN A HAMPER _bSHORT STORY |
||
| 260 |
_aLONDON _bHODDER HEADLINE PIC |
||
| 300 | _a155 | ||
| 520 | _aSHORT STORY | ||
| 650 | _aSHORT STORY | ||
| 942 | _cBK | ||
| 999 |
_c1809 _d1809 |
||